| Tag |
First Indicator |
Second Indicator |
Subfields |
| LEADER |
00000cam a2200000 a 4500 |
| 001 |
in00002132021 |
| 006 |
m e d # |
| 007 |
cr mn mmmmabba |
| 008 |
810427s1759 mau s 000 0 eng d |
| 005 |
20260331151428.1 |
| 035 |
|
|
|z t054740
|
| 035 |
|
|
|z w029465
|
| 035 |
|
|
|a MAAR8104270313B
|
| 035 |
|
|
|9 mwa91-46955
|
| 035 |
|
|
|a 313550
|
| 035 |
|
|
|a aas03029465
|
| 040 |
|
|
|a MWA
|c MWA
|e bdrb
|d UtOrBLW
|
| 100 |
1 |
|
|a Adams, Amos,
|d 1728-1775.
|
| 245 |
1 |
0 |
|a Songs of victory directed by human compassion, and qualified with Christian benevolence :
|b in a sermon delivered at Roxbury, October 25, 1759. On the general thanksgiving, for the success of His Majety's arms, "more particuarlly [as printed], in the reduction of Quebec, the capital of Canada." /
|c By Amos Adams, A.M. Pastor of the First Church in Roxbury. ; [Two lines of quotations].
|
| 264 |
|
3 |
|a Boston :
|b Printed and sold by Edes and Gill, in Queen-Street,
|c 1759.
|
| 300 |
|
|
|a 29 pages, 3 unnumbered pages ;
|c 22 cm. (octavo)
|
| 336 |
|
|
|a text
|b txt
|2 rdacontent
|
| 337 |
|
|
|a computer
|b c
|2 rdamedia
|
| 338 |
|
|
|a online resource
|b cr
|2 rdacarrier
|
| 500 |
|
|
|a Half-title: Mr. Adams's sermon on the reduction of Quebec.
|
| 510 |
4 |
|
|a Evans
|c 8290
|
| 530 |
|
|
|a Microform version available in the Readex Early American Imprints series.
|
| 533 |
|
|
|a Electronic text and image data.
|b [Chester, Vt. :
|c Readex, a division of Newsbank, Inc.,
|d 2002-2004.
|e Includes files in TIFF, GIF and PDF formats with inclusion of keyword searchable text.
|f (Early American imprints. First series ; no. 8290).
|
| 500 |
|
|
|a Electronic resource.
|
| 650 |
|
0 |
|a Québec Campaign, Québec, 1759.
|
| 651 |
|
0 |
|a United States
|x History
|y French and Indian War, 1754-1763.
|
| 655 |
|
7 |
|a Thanksgiving sermons
|y 1759 Oct. 25.
|2 rbgenr
|
| 752 |
|
|
|a United States
|b Massachusetts
|d Boston.
|
| 830 |
|
0 |
|a Early American imprints.
|n Series I,
|p Evans (1639-1800) ;
|v no. 8290.
|
| 856 |
4 |
1 |
|u http://proxy.library.tamu.edu/login?url=https://opac.newsbank.com/select/evans/8290
|y Evans Digital Edition
|t 0
|
| 999 |
|
|
|a MARS
|
| 999 |
f |
f |
|s 313370ac-16f7-322f-bc47-4130f58b9d28
|i 9ccdcfff-e78f-3aa3-b7a9-e27f3099fbd1
|t 0
|
| 952 |
f |
f |
|a Texas A&M University
|b College Station
|c Electronic Resources
|s www_evans
|d Available Online
|t 0
|h No information provided
|
| 998 |
f |
f |
|t 0
|l Available Online
|